000 00628nam a22002177a 4500
003 UA-OsUOA
001 102402
007 ta
008 20130909b un ||||| |||| 00| 0 ukr d
100 _aЛихачев М.
090 _a330
_bЛ65
942 _cSA
040 _aUA-OsUOA
_brus
_cUA-OsUOA
_dUA-OsUOA
245 _aРоль поведенческих моделей в онтологической структуре современной макроэкономики
300 _aС.98-111
955 _a0
041 _arus
080 _a330
773 0 _w102399
650 7 _a330 Економіка взагалі
_2UDC
999 _c388633
_d388633